000 00431nam a22001817a 4500
003 MPLRDC
005 20220104123620.0
008 210129b ||||| |||| 00| 0 eng d
020 _a983-2232-84-8
082 _a910.8 LJM
100 _a罗健明
245 _a背后的声音
_c
250 _a初版
260 _a马来西亚
_b协传培训中心
_c2004
300 _b110
650 _a音乐丛书
942 _cBK
_o910.8 LJM
999 _c12821
_d12811